书目信息 |
| 题名: |
华西纪事2006
|
|
| 作者: | 庞瑞垠 著 | |
| 分册: | ||
| 出版信息: | 南京 江苏文艺出版社 2006.01 |
|
| 页数: | 178页 | |
| 开本: | 21cm | |
| 丛书名: | ||
| 单 册: | ||
| 中图分类: | I253.3 | |
| 科图分类: | ||
| 主题词: | ||
| 电子资源: | ||
| ISBN: | 7-5399-2332-6 | |
| 000 | 00850nam0 2200229 450 | |
| 001 | 012007419330 | |
| 005 | 20070622160627.07 | |
| 010 | @a7-5399-2332-6@dCNY13.80 | |
| 100 | @a20070416d2006 km y0chiy0120 ea | |
| 101 | 0 | @achi |
| 102 | @aCN@b320000 | |
| 105 | @aac z 000yy | |
| 200 | 1 | @a华西纪事2006@Ahua xi ji shi 2006@e回望吴仁宝@f庞瑞垠著@Fpang rui yin zhu |
| 210 | @a南京@c江苏文艺出版社@d2006.01 | |
| 215 | @a178页@c图, 肖像@d21cm | |
| 330 | @a本书以报告文学的形式,真实地记述了华西村党支部书记吴仁宝同志几十年如一日带领村民致富的奋斗历程,内容包括:聚焦 以国家的名义、到华西支看到社会主义等。 | |
| 517 | 1 | @a回望吴仁宝@Ahui wang wu ren bao |
| 601 | 02 | @a模范共产党员@Amo fan gong chan dang yuan@x生平事迹@y江苏省@z现代 |
| 690 | @aI253.3@v4 | |
| 701 | 0 | @a庞瑞垠@Apang rui yin@4著 |
| 801 | 0 | @aCN@c20070622 |
| 905 | @a10447@dI253.3@eP328 | |
| 华西纪事2006:回望吴仁宝/庞瑞垠著.-南京:江苏文艺出版社,2006.01 |
| 178页:图, 肖像;21cm |
| ISBN 7-5399-2332-6:CNY13.80 |
| 本书以报告文学的形式,真实地记述了华西村党支部书记吴仁宝同志几十年如一日带领村民致富的奋斗历程,内容包括:聚焦 以国家的名义、到华西支看到社会主义等。 |
| ● |
| 相关链接 |
|
|
|
正题名:华西纪事2006
索取号:I253.3/P328
 
预约/预借
| 序号 | 登录号 | 条形码 | 馆藏地/架位号 | 状态 | 备注 |
| 1 | 241156 | 202411568 | 文学库108/108文学库 68排3列3层/ [索取号:I253.3/P328] | 在馆 | |
| 2 | 241157 | 202411577 | 文学库108/108文学库 68排3列3层/ [索取号:I253.3/P328] | 在馆 | |
| 3 | 241158 | 202411586 | 文学库108/108文学库 68排3列3层/ [索取号:I253.3/P328] | 在馆 |